[Event "TUR-ch U07/12"]
[Site "Antalya"]
[Date "2023.01.26"]
[Round "7"]
[White "Karakus, Ali Kerem"]
[Black "Can, Ali Guney"]
[Result "0-1"]
[WhiteElo "1199"]
[BlackElo "1357"]
[PlyCount "72"]
[EventDate "2023.01.17"]
[EventType "swiss"]
[EventRounds "10"]
[EventCountry "TUR"]
[SourceTitle "EXT 2024"]
[Source "ChessBase"]
[SourceDate "2023.10.10"]
[SourceVersion "1"]
[SourceVersionDate "2023.10.10"]
[SourceQuality "1"]

1. d4 Nf6 2. Nf3 g6 3. Bg5 d5 4. Nbd2 Bg7 5. e3 0-0 6. Bd3 Nbd7 7. c3 b6 8. 0-0 Bb7 9. Re1 Ne4 10. Bh4 h6 11. Qc2 f5 12. Bg3 e6 13. c4 Nxg3 14. hxg3 c6 15. Rac1 Qf6 16. cxd5 exd5 17. b4 g5 18. a4 Rae8 19. Nb3 Rc8 20. a5 Kh8 21. a6 Ba8 22. b5 c5 23. dxc5 bxc5 24. Na5 c4 25. Be2 Rc5 26. Qa4 Rfc8 27. Nd4 Bf8 28. Nac6 Nb6 29. Qc2 Bxc6 30. Nxc6 Rxb5 31. Nxa7 Rb2 32. Qc3 Qxc3 33. Rxc3 Rc7 34. Bf3 Rxa7 35. Rd1 Bg7 36. Ra3 c3 0-1